[Event "SLO-chT1 East"]
[Site "Slovenia"]
[Date "2015.11.28"]
[Round "8"]
[White "Papez, Viktor"]
[Black "Pavlic, Petra"]
[Result "1-0"]
[WhiteElo "1831"]
[BlackElo "1760"]
[PlyCount "73"]
[EventDate "2015.10.16"]
[EventType "team-tourn"]
[EventRounds "9"]
[EventCountry "SLO"]
[SourceTitle "EXT 2019"]
[Source "ChessBase"]
[SourceDate "2018.10.10"]
[SourceVersion "1"]
[SourceVersionDate "2018.10.10"]
[SourceQuality "1"]
[WhiteTeam "Zagorje ob Savi"]
[BlackTeam "Milan Majcen Sevnica"]
[WhiteTeamCountry "SLO"]
[BlackTeamCountry "SLO"]

1. e4 c5 2. b4 cxb4 3. d4 g6 4. a3 bxa3 5. Nf3 Bg7 6. Bc4 d6 7. Rxa3 Nc6 8. 0-0 Nf6 9. Re1 0-0 10. Bg5 h6 11. Bf4 d5 12. exd5 Nxd5 13. Bc1 Bg4 14. c3 a6 15. h3 Bf5 16. Ba2 b5 17. Nh4 Be6 18. Nxg6 fxg6 19. Rxe6 Rf6 20. Rxf6 exf6 21. Qg4 Kh7 22. Qe6 Nde7 23. Nd2 f5 24. Nf3 b4 25. cxb4 Nxb4 26. Bc4 a5 27. Bb2 Nec6 28. Ne5 Nxe5 29. dxe5 Qd2 30. Rg3 g5 31. Qxf5+ Kh8 32. Bc3 Qc1+ 33. Kh2 Rf8 34. Qg6 Rxf2 35. e6 Bxc3 36. Qxh6+ Kg8 37. e7+ 1-0

[Event "Ptuj Chess Academy op 1st"]
[Site "Ptuj"]
[Date "2015.01.25"]
[Round "4"]
[White "Bohak, Janko"]
[Black "Papez, Viktor"]
[Result "1-0"]
[WhiteElo "1957"]
[BlackElo "1836"]
[PlyCount "89"]
[EventDate "2015.01.23"]
[EventType "swiss"]
[EventRounds "5"]
[EventCountry "SLO"]
[SourceTitle "CBM 164 Extra"]
[Source "ChessBase"]
[SourceDate "2015.03.02"]
[SourceVersion "1"]
[SourceVersionDate "2015.03.02"]
[SourceQuality "1"]

1. Nf3 Nf6 2. d4 d5 3. Bf4 c6 4. c3 Bf5 5. Nbd2 Nh5 6. Bg3 Nxg3 7. hxg3 h6 8. e3 Nd7 9. Nh4 Bh7 10. f4 g5 11. Nhf3 Bg7 12. Be2 Qc7 13. Rc1 b5 14. a4 a6 15. b4 f6 16. 0-0 Bg6 17. Nb3 e5 18. f5 Bf7 19. dxe5 fxe5 20. e4 dxe4 21. Nfd2 Nf6 22. Nc5 0-0 23. Ndxe4 Rad8 24. Nxf6+ Bxf6 25. Qc2 Kg7 26. Nxa6 Qa7+ 27. Nc5 bxa4 28. Qxa4 Qxa4 29. Nxa4 Rd2 30. Bf3 Bc4 31. Rfd1 Rxd1+ 32. Rxd1 Bb5 33. Nc5 Ra8 34. g4 Ra3 35. Rd7+ Kf8 36. Ne4 Bh8 37. Rc7 Ra1+ 38. Kf2 Bd3 39. Rxc6 h5 40. Rc8+ Kg7 41. f6+ Kh7 42. Nxg5+ Kg6 43. Rxh8 Kxg5 44. f7 hxg4 45. Rg8+ 1-0

[Event "SLO-chT2 East"]
[Site "Slovenia"]
[Date "2013.12.09"]
[Round "8"]
[White "Grah, Matej"]
[Black "Papez, Viktor"]
[Result "1-0"]
[WhiteElo "1788"]
[BlackElo "1770"]
[PlyCount "59"]
[EventDate "2013.09.07"]
[EventType "team-tourn"]
[EventRounds "9"]
[EventCountry "SLO"]
[SourceTitle "EXT 2015"]
[Source "ChessBase"]
[SourceDate "2014.11.20"]
[SourceVersion "1"]
[SourceVersionDate "2014.11.20"]
[SourceQuality "1"]

1. c4 e5 2. Nc3 Nc6 3. g3 f5 4. Bg2 Nf6 5. d3 Bc5 6. Nf3 0-0 7. a3 a5 8. Qa4 e4 9. Nh4 Ng4 10. f3 exf3 11. Nxf3 Bf2+ 12. Kf1 Ra6 13. Nd5 h6 14. Bf4 d6 15. h3 Bc5 16. hxg4 fxg4 17. Nh4 g5 18. Ng6 gxf4 19. Ndxf4 Rxf4+ 20. Nxf4 Qf6 21. Bd5+ Kg7 22. Kg2 Qxb2 23. Raf1 Bd7 24. Nh5+ Kg6 25. Be4+ Kg5 26. Qd1 Be3 27. Nf6 Qxf6 28. Rh5+ Kxh5 29. Rxf6 Kg5 30. Rg6+ 1-0

[Event "SLO-chT2 East"]
[Site "Slovenia"]
[Date "2013.09.09"]
[Round "1"]
[White "Papez, Viktor"]
[Black "Volcansek, Robert"]
[Result "0-1"]
[WhiteElo "1770"]
[BlackElo "1892"]
[PlyCount "29"]
[EventDate "2013.09.07"]
[EventType "team-tourn"]
[EventRounds "9"]
[EventCountry "SLO"]
[SourceTitle "EXT 2015"]
[Source "ChessBase"]
[SourceDate "2014.11.20"]
[SourceVersion "1"]
[SourceVersionDate "2014.11.20"]
[SourceQuality "1"]

1. d4 Nf6 2. c4 g6 3. Nc3 d5 4. cxd5 Nxd5 5. Bd2 Bg7 6. Qb3 Nb6 7. e3 0-0 8. Nf3 Be6 9. Qc2 N8d7 10. Rd1 Re8 11. b4 Bc4 12. Bc1 e6 13. e4 Bxf1 14. Kxf1 Nc4 15. e5 0-1

[Event "Ljubljana-chT 66th Superliga"]
[Site "Ljubljana"]
[Date "2013.03.14"]
[Round "8.1"]
[White "Hribar, Bojan"]
[Black "Papez, Viktor"]
[Result "1-0"]
[WhiteElo "2278"]
[BlackElo "1774"]
[PlyCount "65"]
[EventDate "2013.01.10"]
[EventType "team-tourn"]
[EventRounds "9"]
[EventCountry "SLO"]
[SourceTitle "EXT 2022"]
[Source "ChessBase"]
[SourceDate "2021.10.06"]
[SourceVersion "1"]
[SourceVersionDate "2021.10.06"]
[SourceQuality "1"]
[WhiteTeam "Komenda Popotnik"]
[BlackTeam "Zagorje ob Savi"]
[WhiteTeamCountry "SLO"]
[BlackTeamCountry "SLO"]

1. d4 g6 2. c4 Nf6 3. Nc3 Bg7 4. e4 d6 5. Nge2 0-0 6. Ng3 e5 7. d5 Ng4 8. Be2 Qh4 9. Bxg4 Bxg4 10. f3 f5 11. fxg4 f4 12. 0-0 fxg3 13. Rxf8+ Bxf8 14. h3 Nd7 15. Qf3 Be7 16. Bd2 Rf8 17. Qe3 Kg7 18. Rf1 Nf6 19. Qxa7 Nxg4 20. Rxf8 Kxf8 21. hxg4 b6 22. Be3 Bg5 23. Qb8+ Kg7 24. Qxc7+ Kh6 25. Qxb6 Bf4 26. Kf1 Qxg4 27. a4 Qg5 28. Bxf4 exf4 29. Qd4 Qh5 30. Ne2 Qg4 31. Qf6 Qh5 32. Qf8+ Kg5 33. Qxf4# 1-0

[Event "Ljubljana-chT 66th Superliga"]
[Site "Ljubljana"]
[Date "2013.02.07"]
[Round "4.4"]
[White "Orehek, Spela"]
[Black "Papez, Viktor"]
[Result "1-0"]
[WhiteElo "2062"]
[BlackElo "1774"]
[PlyCount "71"]
[EventDate "2013.01.10"]
[EventType "team-tourn"]
[EventRounds "9"]
[EventCountry "SLO"]
[SourceTitle "EXT 2022"]
[Source "ChessBase"]
[SourceDate "2021.10.06"]
[SourceVersion "1"]
[SourceVersionDate "2021.10.06"]
[SourceQuality "1"]
[WhiteTeam "Domzale SD"]
[BlackTeam "Zagorje ob Savi"]
[WhiteTeamCountry "SLO"]
[BlackTeamCountry "SLO"]

1. e4 e5 2. Nf3 Nf6 3. Nxe5 d6 4. Nf3 Nxe4 5. Nc3 Nxc3 6. dxc3 Be7 7. Be3 0-0 8. Qd2 a5 9. 0-0-0 Be6 10. Kb1 f6 11. Nd4 Bf7 12. g4 Nc6 13. Nf5 Ne5 14. Bd4 Qd7 15. h3 Rfe8 16. f4 Nf3 17. Qf2 Nxd4 18. Nxd4 Qa4 19. a3 Qd7 20. Bd3 Rab8 21. h4 b5 22. Bf5 Qd8 23. Nc6 b4 24. axb4 axb4 25. cxb4 Rxb4 26. Nxd8 Rxd8 27. Qe1 Rdb8 28. Qxe7 Rxb2+ 29. Kc1 Rb1+ 30. Kd2 R1b4 31. Bxh7+ Kxh7 32. Qxf7 R8b5 33. f5 Rd4+ 34. Kc3 Rf4 35. Qg6+ Kg8 36. Qe8+ 1-0

[Event "Ljubljana Autumn op"]
[Site "Ljubljana"]
[Date "2012.10.30"]
[Round "9"]
[White "Kmetic, Anej"]
[Black "Papez, Viktor"]
[Result "0-1"]
[WhiteElo "1462"]
[BlackElo "1780"]
[PlyCount "44"]
[EventDate "2012.09.05"]
[EventType "swiss"]
[EventRounds "9"]
[EventCountry "SLO"]
[SourceTitle "EXT 2023"]
[Source "ChessBase"]
[SourceDate "2022.10.05"]
[SourceVersion "1"]
[SourceVersionDate "2022.10.05"]
[SourceQuality "1"]

1. d4 d5 2. Nf3 Nf6 3. e3 Bg4 4. Nbd2 c5 5. c3 e6 6. Bd3 Nc6 7. 0-0 Bd6 8. Qe1 e5 9. dxe5 Nxe5 10. Nxe5 Bxe5 11. Bb5+ Nd7 12. f3 Be6 13. Nb3 Rc8 14. e4 d4 15. cxd4 cxd4 16. f4 Bf6 17. e5 Be7 18. Nxd4 Bc5 19. Be3 Qb6 20. Bxd7+ Bxd7 21. Qd2 0-0 22. Nf5 Bxf5 0-1

[Event "Ljubljana Autumn op"]
[Site "Ljubljana"]
[Date "2012.10.03"]
[Round "5"]
[White "Brcar, Matej"]
[Black "Papez, Viktor"]
[Result "1-0"]
[WhiteElo "1669"]
[BlackElo "1780"]
[PlyCount "67"]
[EventDate "2012.09.05"]
[EventType "swiss"]
[EventRounds "9"]
[EventCountry "SLO"]
[SourceTitle "EXT 2023"]
[Source "ChessBase"]
[SourceDate "2022.10.05"]
[SourceVersion "1"]
[SourceVersionDate "2022.10.05"]
[SourceQuality "1"]

1. e4 e5 2. Nf3 Nf6 3. Nxe5 d6 4. Nf3 Nxe4 5. c4 Be7 6. Be2 Nc6 7. Nc3 f5 8. d4 Nf6 9. 0-0 Bd7 10. Re1 0-0 11. Bf1 Nh5 12. Nd5 Bf6 13. Nxf6+ Qxf6 14. Bg5 Qg6 15. d5 Ne5 16. Nxe5 dxe5 17. Be7 Rf7 18. Rxe5 Re8 19. Qe1 Nf4 20. Bh4 Ref8 21. Qe3 Qg4 22. Bg3 Nh5 23. Be2 Qg6 24. Bxh5 Qxh5 25. Qxa7 g5 26. f4 Rg7 27. Qf2 Qg6 28. Rae1 Rff7 29. fxg5 Qxg5 30. Bh4 Qg4 31. b3 f4 32. c5 f3 33. Bg3 fxg2 34. Re8+ 1-0

[Event "Ljubljana Summer op II"]
[Site "Ljubljana"]
[Date "2012.08.05"]
[Round "5"]
[White "Peric, Bernard"]
[Black "Papez, Viktor"]
[Result "1-0"]
[WhiteElo "2042"]
[BlackElo "1778"]
[PlyCount "81"]
[EventDate "2012.08.03"]
[EventType "swiss"]
[EventRounds "5"]
[EventCountry "SLO"]
[SourceTitle "EXT 2023"]
[Source "ChessBase"]
[SourceDate "2022.10.05"]
[SourceVersion "1"]
[SourceVersionDate "2022.10.05"]
[SourceQuality "1"]

1. e4 e5 2. Nf3 Nf6 3. Nc3 Nc6 4. Bb5 Nd4 5. Nxd4 exd4 6. e5 dxc3 7. exf6 Qxf6 8. dxc3 c6 9. Qe2+ Be7 10. Bd3 d5 11. Be3 0-0 12. 0-0-0 Bf5 13. h4 Qe6 14. Kb1 Rfe8 15. Rhe1 Bxh4 16. Qh5 Bxd3 17. cxd3 Be7 18. Bxa7 g6 19. Qh2 Qd6 20. Qxd6 Bxd6 21. Bd4 Re6 22. c4 Rae8 23. Rh1 c5 24. cxd5 Re2 25. Bc3 Rxf2 26. Rxh7 Be5 27. Rdh1 Rf1+ 28. Rxf1 Kxh7 29. Rxf7+ Kh6 30. Rxb7 Kg5 31. a4 Kf4 32. Rf7+ Ke3 33. Bxe5 Rxe5 34. d6 Kxd3 35. d7 Rd5 36. a5 c4 37. a6 c3 38. bxc3 Kxc3 39. a7 Rb5+ 40. Kc1 Ra5 41. Rf3+ 1-0

[Event "Ljubljana Summer op II"]
[Site "Ljubljana"]
[Date "2012.08.04"]
[Round "2"]
[White "Varga, Ivan"]
[Black "Papez, Viktor"]
[Result "0-1"]
[WhiteElo "1519"]
[BlackElo "1778"]
[PlyCount "30"]
[EventDate "2012.08.03"]
[EventType "swiss"]
[EventRounds "5"]
[EventCountry "SLO"]
[SourceTitle "EXT 2023"]
[Source "ChessBase"]
[SourceDate "2022.10.05"]
[SourceVersion "1"]
[SourceVersionDate "2022.10.05"]
[SourceQuality "1"]

1. e4 e5 2. Bc4 Nf6 3. d4 Nxe4 4. Qh5 Qf6 5. Qe2 Qg6 6. f3 Nd6 7. Bd3 f5 8. Qxe5+ Be7 9. Nc3 0-0 10. Nd5 Bh4+ 11. Kf1 Re8 12. Bxf5 Rxe5 13. dxe5 Qxf5 14. Bf4 Qxc2 15. exd6 Qf2# 0-1

[Event "Ljubljana Autumn op"]
[Site "Ljubljana"]
[Date "2010.10.16"]
[Round "8"]
[White "Papez, Viktor"]
[Black "Unuk, Laura"]
[Result "0-1"]
[WhiteElo "1771"]
[BlackElo "1730"]
[PlyCount "98"]
[EventDate "2010.09.01"]
[EventType "swiss"]
[EventRounds "9"]
[EventCountry "SLO"]
[SourceTitle "EXT 2023"]
[Source "ChessBase"]
[SourceDate "2022.10.05"]
[SourceVersion "1"]
[SourceVersionDate "2022.10.05"]
[SourceQuality "1"]

1. d4 Nf6 2. c4 g6 3. Nc3 Bg7 4. e4 d6 5. f3 c6 6. Be3 a6 7. Bd3 Nbd7 8. Nge2 Qc7 9. Qd2 c5 10. Nd5 Nxd5 11. cxd5 cxd4 12. Nxd4 Nc5 13. Be2 0-0 14. Rc1 Qd8 15. h4 Nd7 16. h5 Bxd4 17. Bxd4 Qe8 18. Qh6 f6 19. f4 Qf7 20. Bg4 Nc5 21. Bxc5 Bxg4 22. hxg6 Qxg6 23. Qxg6+ hxg6 24. Bd4 Rac8 25. Bc3 b5 26. Kd2 Kg7 27. Ke3 Rh8 28. Rhf1 Kf7 29. a3 Rc5 30. Ra1 Rc4 31. e5 Rc5 32. Kd4 Rc4+ 33. Ke3 Rc5 34. a4 Rhc8 35. axb5 axb5 36. Ra7 R8c7 37. Rfa1 Rxa7 38. Rxa7 fxe5 39. fxe5 Rxd5 40. Ke4 Be6 41. exd6 Rxd6 42. g3 Bf5+ 43. Kf4 Rd7 44. Ra8 Rb7 45. Rh8 b4 46. Bd4 b3 47. Bc3 Rc7 48. Rh2 Rxc3 49. bxc3 Bc2 0-1

[Event "Ljubljana Autumn op"]
[Site "Ljubljana"]
[Date "2010.10.04"]
[Round "5"]
[White "Peric, Bernard"]
[Black "Papez, Viktor"]
[Result "1-0"]
[WhiteElo "1999"]
[BlackElo "1771"]
[PlyCount "85"]
[EventDate "2010.09.01"]
[EventType "swiss"]
[EventRounds "9"]
[EventCountry "SLO"]
[SourceTitle "EXT 2023"]
[Source "ChessBase"]
[SourceDate "2022.10.05"]
[SourceVersion "1"]
[SourceVersionDate "2022.10.05"]
[SourceQuality "1"]

1. Nf3 d5 2. d4 Nf6 3. c4 e6 4. Nc3 c6 5. Bg5 Nbd7 6. e3 Qa5 7. Qc2 Ne4 8. Bf4 Bb4 9. Rc1 Qxa2 10. Nd2 Nxc3 11. bxc3 Qxc2 12. Rxc2 Be7 13. cxd5 exd5 14. Bd3 0-0 15. 0-0 Re8 16. f3 Nf8 17. e4 Be6 18. exd5 Bxd5 19. c4 Be6 20. Rb1 Bf6 21. Rxb7 Bxd4+ 22. Kf1 Nd7 23. Ne4 a5 24. Rc7 c5 25. Ng5 Nf6 26. Nxe6 Rxe6 27. Rb7 g6 28. Ra2 Bc3 29. Bg3 Rd8 30. Be2 Rd2 31. Rxd2 Bxd2 32. Ra7 Rb6 33. Be5 Kf8 34. g4 Ke8 35. Bd1 g5 36. Bc2 h6 37. h3 h5 38. Rc7 hxg4 39. hxg4 Bb4 40. Ba4+ Kf8 41. Bc6 Nh7 42. Rc8+ Ke7 43. Re8# 1-0

[Event "Ljubljana-chT 63rd 1st League"]
[Site "Ljubljana"]
[Date "2010.01.14"]
[Round "2.4"]
[White "Svigelj, Domen"]
[Black "Papez, Viktor"]
[Result "0-1"]
[WhiteElo "1641"]
[BlackElo "1771"]
[PlyCount "54"]
[EventDate "2010.01.07"]
[EventType "team-tourn"]
[EventRounds "9"]
[EventCountry "SLO"]
[SourceTitle "EXT 2022"]
[Source "ChessBase"]
[SourceDate "2021.10.06"]
[SourceVersion "1"]
[SourceVersionDate "2021.10.06"]
[SourceQuality "1"]

1. c4 e6 2. Nc3 Nf6 3. Nf3 d5 4. e3 c5 5. d4 Nc6 6. cxd5 exd5 7. Be2 a6 8. a4 Bd6 9. dxc5 Bxc5 10. 0-0 Bf5 11. Nd4 Bg6 12. a5 0-0 13. Nxc6 bxc6 14. Ra4 Qd6 15. h3 Ba7 16. Bd3 Bh5 17. g4 Bb8 18. f4 Bg6 19. Bxg6 hxg6 20. Qf3 g5 21. Rd1 gxf4 22. exf4 Re8 23. Kf1 Ba7 24. g5 Qc5 25. Qg2 Ne4 26. Nxe4 Qb5+ 27. Qe2 Qxa4 0-1

[Event "SLO-ch qual"]
[Site "Otocec"]
[Date "2009.07.11"]
[Round "9"]
[White "Papez, Viktor"]
[Black "Krze, Nina"]
[Result "1-0"]
[WhiteElo "1830"]
[BlackElo "1516"]
[PlyCount "83"]
[EventDate "2009.07.07"]
[EventType "swiss"]
[EventRounds "9"]
[EventCountry "SLO"]
[SourceTitle "EXT 2010"]
[Source "ChessBase"]
[SourceDate "2010.11.25"]
[SourceVersion "1"]
[SourceVersionDate "2010.11.25"]
[SourceQuality "1"]

1. e4 d5 2. exd5 Qxd5 3. Nc3 Qd6 4. d4 Nf6 5. Bd3 a6 6. Nge2 Bg4 7. f3 Bh5 8. Bf4 Qb6 9. Qd2 e6 10. a3 c5 11. Ne4 Nbd7 12. c3 cxd4 13. cxd4 Be7 14. 0-0 0-0 15. Kh1 Nxe4 16. fxe4 f6 17. Be3 Qc7 18. Nf4 Bf7 19. Rac1 Qd8 20. Rf3 e5 21. Nd5 Bd6 22. Rh3 Be6 23. Rh4 g5 24. Rh6 Re8 25. Rf1 Be7 26. Bxg5 fxg5 27. Rxe6 exd4 28. Nxe7+ Rxe7 29. Qxg5+ Kh8 30. Rxe7 Qg8 31. Qxg8+ Rxg8 32. Rxd7 Rg7 33. Rff7 Rxf7 34. Rxf7 b5 35. e5 Kg8 36. e6 h6 37. Bh7+ Kh8 38. e7 h5 39. a4 d3 40. Bxd3 bxa4 41. Bc4 a5 42. Kg1 1-0

[Event "SLO-ch qual"]
[Site "Otocec"]
[Date "2009.07.08"]
[Round "3"]
[White "Copi, Ambroz"]
[Black "Papez, Viktor"]
[Result "1-0"]
[WhiteElo "1548"]
[BlackElo "1830"]
[PlyCount "90"]
[EventDate "2009.07.07"]
[EventType "swiss"]
[EventRounds "9"]
[EventCountry "SLO"]
[SourceTitle "EXT 2010"]
[Source "ChessBase"]
[SourceDate "2010.11.25"]
[SourceVersion "1"]
[SourceVersionDate "2010.11.25"]
[SourceQuality "1"]

1. d4 d5 2. c4 Nc6 3. Nc3 dxc4 4. Nf3 Bg4 5. e3 g6 6. Bxc4 e6 7. 0-0 Nge7 8. h3 Bxf3 9. Qxf3 Bg7 10. b3 0-0 11. Rd1 Nf5 12. Ba3 Re8 13. Bb5 Qg5 14. Bxc6 bxc6 15. Qxc6 Nxe3 16. fxe3 Qxe3+ 17. Kh1 Bxd4 18. Rac1 Be5 19. Bc5 Qf4 20. Bg1 g5 21. Rf1 Qh4 22. Qf3 f5 23. Bf2 Qh6 24. Be3 Rab8 25. Rfe1 Rb4 26. Qc6 Qg6 27. Bc5 Bxc3 28. Rxc3 Rh4 29. Bxa7 g4 30. Bf2 Rh6 31. a4 f4 32. Qe4 Qf6 33. Bd4 Qh4 34. Qe5 Re7 35. Rf1 f3 36. Bf2 fxg2+ 37. Kxg2 gxh3+ 38. Kh2 Qf6 39. Qxf6 Rxf6 40. Rg1+ Rg6 41. Rxg6+ hxg6 42. Rxh3 Kf7 43. a5 e5 44. a6 Ke6 45. a7 Re8 1-0

[Event "Konjice op"]
[Site "Konjice"]
[Date "2009.04.03"]
[Round "6"]
[White "Tiselj, Peter"]
[Black "Papez, Viktor"]
[Result "0-1"]
[WhiteElo "1500"]
[BlackElo "1850"]
[PlyCount "40"]
[EventDate "2009.03.26"]
[EventType "swiss"]
[EventRounds "9"]
[EventCountry "SLO"]
[SourceTitle "CBM 129 Extra"]
[Source "ChessBase"]
[SourceDate "2009.05.05"]
[SourceVersion "2"]
[SourceVersionDate "2009.05.20"]
[SourceQuality "1"]

1. e4 e5 2. f4 exf4 3. Nf3 g5 4. h4 g4 5. Nd4 d5 6. d3 dxe4 7. dxe4 Bg7 8. c3 Be5 9. Be2 Nf6 10. 0-0 Qd6 11. Na3 Nxe4 12. Nc4 Qe7 13. Bxg4 Ng3 14. Bxc8 Nc6 15. Bxb7 Nxd4 16. cxd4 Bxd4+ 17. Qxd4 Ne2+ 18. Kf2 Nxd4 19. Bxa8 Qxh4+ 20. Kg1 Ne2# 0-1